Matemática 4º Educación Media: texto del estudiante
Guardado en:
| Autores principales: | , , , |
|---|---|
| Formato: | Libro |
| Lenguaje: | español |
| Publicado: |
Santiago
Ministerio de Educación
2010
|
| Edición: | 2a. ed |
| Materias: | |
| Etiquetas: |
Agregar Etiqueta
Sin Etiquetas, Sea el primero en etiquetar este registro!
|
MARC
| LEADER | 00000cam a2200000 a 4500 | ||
|---|---|---|---|
| 001 | UCD7277 | ||
| 003 | CL-VaPUC | ||
| 008 | 170317e20100000cl |||||||||||||||||spa|d | ||
| 020 | |a 9789561517608 | ||
| 082 | 0 | 4 | |a 510.712 |b BAE |2 21 |
| 100 | 0 | |a Baeza Peña, Angela Rossana |e author |9 591239 | |
| 700 | 0 | |a Villena Ramírez, Marcia Romina |e author |9 591240 | |
| 700 | 0 | |a Jorquera Rozbaczylo, Pablo Alfonso |e author |9 591241 | |
| 700 | 0 | |a Setz Mena, Javiera |e author |9 591242 | |
| 245 | 1 | 0 | |a Matemática 4º Educación Media: texto del estudiante |
| 250 | |a 2a. ed | ||
| 300 | |a 287 p | ||
| 942 | |c BK | ||
| 945 | |d 20170317 22:16:00 |a dcastane | ||
| 260 | |a Santiago |b Ministerio de Educación |c 2010 | ||
| 650 | 0 | |a Matemáticas |x Enseñanza |9 875527 | |
| 650 | 0 | |a Libros de texto |9 270019 | |
| 650 | 0 | |a Textos escolares |9 382843 | |
| 583 | |a last modification |c 20170317 22:16:00 |k Rodrigo Vera | ||
| 999 | |c 367339 |d 367337 | ||